00450nam a2200133Ia 4500008004100000024005600041082001900097100007500116245002200191260002600213600002700239650003300266999001700299260210s9999 xx 000 0 und d a12B-39-EL, 12B-40-EL, 12B-41-EL & 12B-42-EL a629.892072 HAN aHani Khoso, Muhammad Anaus Rabbani, Azka Rabbani & Farooque Subhan 0aHumanoid RC Robot aKarachi:bUITU,c2012 aElectrical Engineering aBachelor of Engineering (BE) c33195d33195